| 000 | 00570nam a2200241Ia 4500 | ||
|---|---|---|---|
| 003 | OSt | ||
| 005 | 20220928102013.0 | ||
| 006 | a|||||r|||| 00| 0 | ||
| 007 | ta | ||
| 008 | 220927b |||||||| |||| 00| 0 eng d | ||
| 024 | _a61016 | ||
| 037 | _cTextual | ||
| 040 |
_aSDCL _cSDCL _beng |
||
| 041 |
_2eng _aeng |
||
| 082 | _aX:8F, L8 | ||
| 100 |
_aShukla _9396168 |
||
| 245 | 0 | _aAdvanced accounting | |
| 260 | _c1978 | ||
| 300 |
_a1374p _ccm. |
||
| 700 |
_a Grewal _9396169 |
||
| 942 |
_hX:8F, L8 _cTEXL _2CC |
||
| 999 |
_c711874 _d711874 |
||